Understanding the contitution / (Record no. 124820)

MARC details
000 -LEADER
fixed length control field 01812nam a22002417a 4500
005 - DATE AND TIME OF LATEST TRANSACTION
control field 20170124105945.0
010 ## - LIBRARY OF CONGRESS CONTROL NUMBER
LC control number 417792
020 ## - INTERNATIONAL STANDARD BOOK NUMBER
Terms of availability 00.00
035 ## - SYSTEM CONTROL NUMBER
System control number 417792
037 ## - SOURCE OF ACQUISITION
Source of stock number/acquisition Cen Lib/Ret
040 ## - CATALOGING SOURCE
Original cataloging agency DPL
Language of cataloging EN
082 ## - DEWEY DECIMAL CLASSIFICATION NUMBER
Classification number 342.73
Item number COR
100 ## - MAIN ENTRY--PERSONAL NAME
Personal name Corwin, Edward S.
9 (RLIN) 12052
245 ## - TITLE STATEMENT
Title Understanding the contitution /
Statement of responsibility, etc by Edward S Corwin [and] J. W. Peltason
Remainder of title with comments on the declaration of independence, the articles of confederation, and the structure practices of american government
250 ## - EDITION STATEMENT
Edition statement rev.
260 ## - PUBLICATION, DISTRIBUTION, ETC. (IMPRINT)
Place of publication, distribution, etc New York
Name of publisher, distributor, etc Holt, Rinehart and Winsto
Date of publication, distribution, etc 1963
270 ## - ADDRESS
City New York
300 ## - PHYSICAL DESCRIPTION
Extent xiii,205p.
Dimensions 21cm(Hb)
650 ## - SUBJECT ADDED ENTRY--TOPICAL TERM
Topical term or geographic name as entry element Constitutional law -- United State
9 (RLIN) 12053
650 ## - SUBJECT ADDED ENTRY--TOPICAL TERM
Topical term or geographic name as entry element Constitutional law
9 (RLIN) 79704
700 ## - ADDED ENTRY--PERSONAL NAME
Personal name Peltason, J. W.
9 (RLIN) 12055
942 ## - ADDED ENTRY ELEMENTS (KOHA)
Source of classification or shelving scheme Dewey Decimal Classification
Koha item type English Books
Classification part 342.73
Call number suffix COR
Holdings
Withdrawn status Lost status Damaged status Not for loan Home library Current library Date acquired Source of acquisition Cost, normal purchase price Total Checkouts Full call number Barcode Date last seen Copy number Cost, replacement price Price effective from Koha item type
        Central Library Central Library 18/06/2015 Cen Lib/Ret 0.00   342.73 COR 417792 18/06/2015 1 0.00 18/06/2015 English Books

© Delhi Public Library
Hit Counter
free hit counter